000 00716nai a2200193Ia 4500
003 IN-BaIIA
008 211028c9999 xx s 000 0 eng d
022 _a0096-1019 (Print)
022 _a2162-1349 (Online)
040 _cIIA Library
245 0 _aIRE Transactions on Ultrasonic Engineering
_h[eJournal]
260 _aNew York, USA
_bThe Institute of Electrical and Electronics Engineers, Inc. (IEEE)
310 _aBiannualy
362 _aPGUE-3;1955 - 9(2); 1962
521 _bSubscribed through National Knowledge Resource Consortium (NKRC)
650 _aFields, Waves and Electromagnetics
856 _uhttps://ieeexplore.ieee.org/servlet/opac?punumber=10324
_yClick Here to Access eJournal
942 _cEJ
999 _c34932
_d34932